Name the Countries with the most Olympic Golds! - Statistics

General Stats
  • This quiz has been taken 15 times
  • The average score is 9 of 10
Answer Stats
Hint Answer % Correct
619 Gold Australia
100%
643 Gold Canada
100%
995 Gold France
100%
3139 Gold United States of America
100%
827 Gold China
92%
1141 Gold Germany
92%
643 Gold Japan
92%
643 Gold Norway
92%
834 Gold Italy
77%
707 Gold Sweden
69%
No matching quizzes found
Score Distribution
Percent of People with Each Score
Percentile by Number Answered
Your Score History
You have not taken this quiz